000 01410nam a22002657a 4500
005 20080709113244.0
008 080709t xxu||||| |||| 00| f hin d
010 _aHIN-83801
020 _c125.00
035 _aHN-56147
037 _bDBAD / pub
040 _aDPL
_bHN
082 _a
100 _aवर्मा, मदन लाल
245 _aसाँसों के साये /
_cमदन लाल वर्मा
246 _aSanson ke Saya
_bby Madan Lal Verma
260 _aनई दिल्ली
_bलिट्रेसी हाऊस
_c2005
270 _aआई-2/16, मेन अंसारी रोड, दरियागंज
_bनई दिल्ली
_e110002
_k23280234
_mkkpdevinder@vsnl.net
300 _a120पृ
_c22सेमी(सजिल्द)
500 _aसमान ISBN 8188435139 शीर्षक 'मुस्लिम परिवेश की विशिष्ट कहानियाँ '
500 _aहरियाणा साहित्य अकादमी द्वारा पुरस्कृत उपन्यास
650 _aHindi Novels
942 _2ddc
_cHN
_h
_m वर्माम
999 _c14337
_d14337